00601nam a22002057a 4500008004100000010001700041020002600058035001700084037001600101040001700117082001100134100001900145245006300164260004100227270003700268300002800305490003200333650001000365700002000375090120t xxu||||| |||| 00| 0 eng d aB-332061-092 c120.00a9788183853729 aB-332061-092 bSuper Books aDPLbEnglish a597.64 aDhiman, Sanjay aOcean world /cby Sanjay Dhiman ; edited by Eman Chowdhary aNoidabBrijbasi Art Press Ltd.c2006 aA-81, Sector V, bNoidae201 301 a46p. c29cm. (Hb)bill. aAmazing Animal World Series aOcean aChowdhary, Eman